Master visually 3ds Max 8 / (Record no. 34966)

MARC details
000 -LEADER
fixed length control field 00916cam a22003017a 4500
005 - DATE AND TIME OF LATEST TRANSACTION
control field 20240105101500.0
008 - FIXED-LENGTH DATA ELEMENTS--GENERAL INFORMATION
fixed length control field 061024s2006 njua f 001 0 eng d
010 ## - LIBRARY OF CONGRESS CONTROL NUMBER
LC control number 2006284179
015 ## - NATIONAL BIBLIOGRAPHY NUMBER
National bibliography number GBA511327
Source bnb
016 7# - NATIONAL BIBLIOGRAPHIC AGENCY CONTROL NUMBER
Record control number 013105984
Source Uk
020 ## - INTERNATIONAL STANDARD BOOK NUMBER
ISBN 0764579924 (pbk.)
035 ## - SYSTEM CONTROL NUMBER
System control number (OCoLC)ocm57639397
040 ## - CATALOGING SOURCE
Original cataloging agency UKM
Transcribing agency UKM
Modifying agency BAKER
-- C#P
-- VP@
-- DLC
042 ## - AUTHENTICATION CODE
Authentication code lccopycat
050 00 - LIBRARY OF CONGRESS CALL NUMBER
Item number .M3923 2006
082 04 - DEWEY DECIMAL CLASSIFICATION NUMBER
Classification number 006.696
Edition number 22
Item number MCF-M
100 1# - MAIN ENTRY--AUTHOR
Author Name McFarland, Jon.
245 10 - TITLE STATEMENT
Title Master visually 3ds Max 8 /
Statement of responsibility, etc. by Jon McFarland and Jinjer Simon.
260 ## - PUBLICATION, DISTRIBUTION, ETC.
Place of Publication Hoboken, N.J. :
Name of publisher, distributor, etc. Visual,
Date of publication, distribution, etc. c2006.
300 ## - PHYSICAL DESCRIPTION
Pages 601 p. :
500 ## - GENERAL NOTE
General note Includes index.
650 #0 - SUBJECT ADDED ENTRY--TOPICAL TERM
Subject / Department Computer animation.
700 1# - ADDED ENTRY--PERSONAL NAME
Personal name Simon, Jinjer L.,
Dates associated with a name 1966-
246 30 - VARYING FORM OF TITLE
Title proper/short title 3ds Max 8
300 ## - PHYSICAL DESCRIPTION
-- ill. ;
-- 23 cm. +
906 ## - LOCAL DATA ELEMENT F, LDF (RLIN)
a 7
b cbc
c copycat
d 2
e ncip
f 20
g y-gencatlg
952 ## - LOCATION AND ITEM INFORMATION (KOHA)
-- 0
-- 0
Holdings
Lost status Damaged status Collection code Permanent Location Current Location Shelving Location Date acquired Full Call Number Accession No./Barcode Date last seen item type Koha item type
    CS/IT Superior Information Resource Center (SIRC) Superior University- Gold Campus Superior Information Resource Center (SIRC) Superior University- Gold Campus Graphic design 01/05/2024 006.696 MCF-M 2006 19838 01/05/2024 BOOK BOOK

Powered by Koha